Chiose alla cantica dell'Inferno di Dante Alighieri : (Record no. 260021)
[ view plain ]
| 000 -LEADER | |
|---|---|
| fixed length control field | 00840cam a22002413a 4500 |
| 001 - CONTROL NUMBER | |
| control field | 30766 |
| 003 - CONTROL NUMBER IDENTIFIER | |
| control field | PGUSA |
| 005 - DATE AND TIME OF LATEST TRANSACTION | |
| control field | 20140828083651.0 |
| 008 - FIXED-LENGTH DATA ELEMENTS--GENERAL INFORMATION | |
| fixed length control field | 091226s2009||||xxu|||||s|||||000 | eng d |
| 040 ## - CATALOGING SOURCE | |
| Original cataloging agency | PGUSA |
| Language of cataloging | eng |
| 042 ## - AUTHENTICATION CODE | |
| Authentication code | dc |
| 050 #4 - LIBRARY OF CONGRESS CALL NUMBER | |
| Classification number | PQ |
| 100 1# - MAIN ENTRY--PERSONAL NAME | |
| Personal name | Alighieri, Jacopo, |
| Dates associated with a name | 14th cent. |
| 245 10 - TITLE STATEMENT | |
| Title | Chiose alla cantica dell'Inferno di Dante Alighieri : |
| Remainder of title | pubblicate per la prima volta in corretta lezione con riscontri e fac-simili di codici, e precedute da una indagine critica |
| Medium | [electronic resource] / |
| Statement of responsibility, etc | Jacopo Alighieri |
| 260 ## - PUBLICATION, DISTRIBUTION, ETC. (IMPRINT) | |
| Name of publisher, distributor, etc | Project Gutenberg, |
| Date of publication, distribution, etc | 2009 |
| 506 ## - RESTRICTIONS ON ACCESS NOTE | |
| Terms governing access | Public domain in the USA. |
| 516 ## - TYPE OF COMPUTER FILE OR DATA NOTE | |
| Type of computer file or data note | Electronic text |
| 653 ## - INDEX TERM--UNCONTROLLED | |
| Uncontrolled term | Dante Alighieri, 1265-1321. Inferno |
| 700 1# - ADDED ENTRY--PERSONAL NAME | |
| Personal name | Jarro, |
| Dates associated with a name | 1849-1915 |
| 830 #0 - SERIES ADDED ENTRY--UNIFORM TITLE | |
| Uniform title | Project Gutenberg |
| Volume number/sequential designation | 30766 |
| 856 40 - ELECTRONIC LOCATION AND ACCESS | |
| Uniform Resource Identifier | <a href="http://www.gutenberg.org/ebooks/30766">http://www.gutenberg.org/ebooks/30766</a> |
| 942 ## - ADDED ENTRY ELEMENTS (KOHA) | |
| Koha item type | eBooks |
| Withdrawn status | Lost status | Damaged status | Home library | Current library | Date acquired | Total Checkouts | Date last seen | Price effective from | Koha item type |
|---|---|---|---|---|---|---|---|---|---|
| Project Gutenberg | Project Gutenberg | 08/28/2014 | 08/28/2014 | 08/28/2014 | eBooks |